[Event "Elite Player Over 2500 A"]
[Site "SchemingMind.com"]
[Date "2024.01.06"]
[Round "-"]
[White "Matthew Bailey"]
[Black "CapaChess"]
[Result "1/2-1/2"]
[WhiteCountry "ENG"]
[BlackCountry "CUB"]
[WhiteElo "2547"]
[WhiteRD "71"]
[BlackElo "2534"]
[BlackRD "57"]
[GameID "740928"]

1. c4 e5 2. g3 Nf6 3. Bg2 d5 4. cxd5 Nxd5 5. Nc3 Nb6 6. d3 Be7 7. f4 exf4 8. Bxf4 O-O 9. Nf3 Be6 10. d4 Nd5
11. Qd3 Nxf4 12. gxf4 Na6 13. a3 c5 14. O-O Qb6 15. e3 Bb3 16. Nb5 Bd5 17. Nc3 Bb3=
1/2-1/2

[Event "Elite Player Over 2500 A"]
[Site "SchemingMind.com"]
[Date "2024.01.06"]
[Round "-"]
[White "CapaChess"]
[Black "Matthew Bailey"]
[Result "1/2-1/2"]
[WhiteCountry "CUB"]
[BlackCountry "ENG"]
[WhiteElo "2534"]
[WhiteRD "57"]
[BlackElo "2547"]
[BlackRD "71"]
[GameID "740929"]

1. d4 Nf6 2. Bf4 b6 3. e3 Bb7 4. c4 d6 5. Nc3 Nbd7 6. Nf3 Nh5 7. Be2 Nxf4 8. exf4 g6 9. h4 Bh6 10. h5 e6
11. d5 Qf6 12. g3 O-O-O 13. Qc2 e5 14. fxe5 Nxe5 15. Nd4 Rde8 16. Rd1 Nf3+ 17. Nxf3 Qxf3 18. O-O Qf6 19. Nb5 Kb8 20. Nd4 gxh5
21. Bxh5 Re5 22. Bf3 Bg7 23. Qd3 a6 24. Nc6+ Bxc6 25. dxc6 Ka7 26. Rfe1 h5 27. Rxe5 Qxe5 28. Be2 h4 29. c5 b5 30. cxd6 hxg3
31. Qf3 cxd6 32. Qxf7+ Kb6 33. b4 gxf2+ 34. Qxf2+ Kxc6 35. Rc1+ Kb7 36. Qf7+ Kb8 37. Qc7+ Ka8 38. Bf3+ d5 39. Qc6+ Ka7 40. Qc5+ Kb8
41. Qb6+ Ka8 42. Qxa6+ Kb8 43. Qb6+ Ka8 44. Qa5+ Kb8 45. Qxb5+ Ka7 46. Qxd5=
1/2-1/2